| 000 | 00642cam a2200145 4500500 | ||
|---|---|---|---|
| 005 | 20260208002352.0 | ||
| 041 | _afre | ||
| 042 | _adc | ||
| 100 | 1 | 0 |
_aRobin, Valérie _eauthor |
| 245 | 0 | 0 | _aPierre Duviols, ed., Procesos y Visitas de Idolatrías, Cajatambo Siglo xvii, Lima, Institut français d’études andines – Fondo editorial de la Pontificia Universidad Católica del Perú, 2003, 882 p. («Clásicos Peruanos») |
| 260 | _c2005. | ||
| 500 | _a9 | ||
| 786 | 0 | _nL'Homme | 175-176 | 3 | 2005-07-01 | p. 475t-572t | 0439-4216 | |
| 856 | 4 | 1 | _uhttps://shs.cairn.info/revue-l-homme-2005-3-page-475t?lang=fr&redirect-ssocas=7080 |
| 999 |
_c1645988 _d1645988 |
||